000 00956 a2200241 4500
001 57695
005 20260407155836.0
008 260407a2003 arg spa d
003 AR-UNSa-BCEJYS
040 _aAR-UNSa-BCEJYS
_bspa
_cAR-UNSa-BCEJYS
080 _a341.43
_xExpulsión. Repatriación. Deportación. Refugiados políticos. Derecho de asilo
245 1 0 _aEl asilo y la protección internacional de los refugiados en América Latina
_pAnálisis crítico del dualismo "asilo-refugio" a la luz del derecho internacional de los derechos humanos
020 _a987-1105-33-9
264 1 _aBuenos Aires :
_bSiglo XXI Editores Argentina
_c2003
300 _a502 p.
_c23 cm.
505 _a1. Informe general de la investigación – 2. Estudios
041 _aspa
942 _cBK
590 _aniveau_biblio:m niveau_hierar:0
100 1 _aFranco, Leonardo
700 1 _aUniversidad Nacional de Lanús. Centro de Derechos Humanos
700 1 _aACNUR
999 _c6222
_d6222